Ảnh hưởng của loại hom giống, kỹ thuật cắt đọt và điều kiện tồn trữ củ giống đến sinh trưởng, năng suất và chất lượng một số giống khoai lang tím (Ipomoea batatas (L.) Lam.) : Luận văn tốt nghiệp Cao học ngành: Khoa học Cây trồng

Ảnh hưởng của loại hom giống, kỹ thuật cắt đọt và điều kiện tồn trữ củ giống đến sinh trưởng, năng suất và chất lượng một số giống khoai lang tím (Ipomoea batatas (L.) Lam.)

Tallennettuna:
Bibliografiset tiedot
Päätekijä: Nguyễn, Thị Lan Anh Thư
Aineistotyyppi: Kirja
Kieli:Undetermined
Julkaistu: Cần Thơ Trường Đại học Cần Thơ 2020
Aiheet:
Tagit: Lisää tagi
Ei tageja, Lisää ensimmäinen tagi!
Thư viện lưu trữ: Trung tâm Học liệu Trường Đại học Cần Thơ
LEADER 01288nam a2200229Ia 4500
001 CTU_239288
008 210402s9999 xx 000 0 und d
082 |a 635.22 
082 |b Th550 
088 |a 8620110 
100 |a Nguyễn, Thị Lan Anh Thư 
245 0 |a Ảnh hưởng của loại hom giống, kỹ thuật cắt đọt và điều kiện tồn trữ củ giống đến sinh trưởng, năng suất và chất lượng một số giống khoai lang tím (Ipomoea batatas (L.) Lam.) : 
245 0 |b Luận văn tốt nghiệp Cao học ngành: Khoa học Cây trồng 
245 0 |c Nguyễn Thị Lan Anh Thư ; Lê Văn Hòa (cán bộ hướng dẫn) 
260 |a Cần Thơ 
260 |b Trường Đại học Cần Thơ 
260 |c 2020 
520 |a Ảnh hưởng của loại hom giống, kỹ thuật cắt đọt và điều kiện tồn trữ củ giống đến sinh trưởng, năng suất và chất lượng một số giống khoai lang tím (Ipomoea batatas (L.) Lam.) 
650 |a Khoai lang,Sweet potatoes 
650 |x Trồng trọt,Breeding 
904 |i Qhieu 
980 |a Trung tâm Học liệu Trường Đại học Cần Thơ